00680nam a22001577a 4500003000900000005001700009008004100026040001300067100002200080245008400102250000600186260003600192300001700228490000600245520027100251IT-RoPau20220918175938.0130119b xxu||||| |||| 00| 0 eng d cIT-RoPau aGiovanni Paolo II aCappella per la Beatificazione dei Servi Di Dio ... Giuseppe Timoteo Giaccardo aI aRomabTipografia Vaticanac1989 a99 p.c17 cm vI aI martiri di Thailandia The seven martyrs of Thailand Giuseppe Timoteo Giaccardo Maria di Gesù€ Deluil - Martiny (1841 - 1884) Canto di attesa Riti di Introduzione Rito della Beatificazione Liturgia della Parola Liturgia Eucaristica Riti di Conclusione Canto Finale